| 000 | 00667nam a2200229Ia 4500 | ||
|---|---|---|---|
| 003 | OSt | ||
| 005 | 20220928125141.0 | ||
| 006 | a|||||r|||| 00| 0 | ||
| 007 | ta | ||
| 008 | 220927b |||||||| |||| 00| 0 eng d | ||
| 024 | _a56740 | ||
| 037 | _cTextual | ||
| 040 |
_aSDCL _cSDCL _beng |
||
| 041 |
_2eng _aeng |
||
| 082 | _aV46jN26, M6 | ||
| 100 |
_aIngam Edward Ed. _9468269 |
||
| 245 | 0 |
_aNational and international politics in the middle East _b Essays in honour of Elie Kedourie |
|
| 260 |
_aLondon _bFrank Cass _c1986 |
||
| 300 |
_axvii,284p _ccm. |
||
| 942 |
_hV46jN26, M6 _cTEXL _2CC |
||
| 999 |
_c781125 _d781125 |
||